1519 1484 1216 1019 1123 1642 1171 1582 1810 1177 1482 1383 1247 1973 1712 1198 1134 1775 1879 1751 1810 1662 1424 1342 1626 1129 1498 1424 1390 1891 1977 1331 1771 1463 1900 1651 1607 1691 1555 1263 1552 1290 1906 1795 1110 1396 1774 1198 1833 1193 1875 1443 1156 1512 1167 1893 1167 1769 1897 1368 1249 1094 1492 1567 1955 1057 1604 1310 1634 1471 1597 1520 1546 1837 1853 1451 1969 1123 1839 1785 1450 1622 1342 1813 1754 1778 1647 1114 1587 1637 1155 1540 1633 1584 1354 1264 1211 1858 1817 BCNSPRNW ULIB Ver.6.0+V

เปลี่ยนเป็นภาษาไทย

Change to English
 แสดงรายละเอียดบรรณานุกรม
  กลับหน้าหลัก

Brief Record : Get Marc (ISO 2709) : E-mail record : QR code < ปิดหน้าต่าง
LEADER : 00000nam 2200000uu 4500
001    13399127980
003     ULIB
008    211124s2563||||th 000 0 tha d
020 ^- ^a9786165726269
060 ^- ^aWA540.JT3^bบ65ท
100 0^ aบัววรุณ ศรีชัยกุล.
245 10 ^aทฤษฎีการบริหารงานทางสาธารณสุขศาสตร์ =Theory of public health management /^cบัววรุณ ศรีชัยกุล.
246 11 ^aTheory of public health management
250 ^- ^aพิมพ์ครั้งที่ 1.
260 ^- ^aมหาสารคาม :^bโรงพิมพ์มหาวิทยาลัยราชภัฏมหาสารคาม,^c2563
300 ^- ^aก-ฎ, 357 หน้า :^bภาพสีประกอบ.
650 ^4 ^aการบริหารสาธารณสุข^xไทย.
945    ^p650^l0^i29149
999    ^aกัณชพร จุลอักษร
รายการนี้ยังไม่มีแท็ก
คุณยังไม่ได้ล็อกอิน คุณสามารถมีกิจกรรมร่วมกับเว็บไซต์ได้ แต่ต้องล็อกอินก่อน ::
  ล็อกอิน

รายการสื่อสารสนเทศ

ลำดับที่ ประเภท เลขเรียก/บาร์โค้ด สถานที่ สถานะ
1. วิทยาศาสตร์การแพทย์ และสุขภาพ
วิทยาศาสตร์การแพทย์ และสุขภาพ
WA540.JT3 บ65ท ฉ.1 
  Barcode: 29149
ห้องสมุดวิทยาเขตนครสวรรค์
►หนังสือทั่วไป:l:General Books
บนชั้น

BibComment


ยังไม่เคยถูกคอมเมนท์

คอมเมนท์ทรัพยากรรายการนี้
  คอมเมนท์: ทฤษฎีการบริหารงา..


 Copyright 2026. Bcnsprnw @Library